| 000 | 00583nam a2200145Ia 4500 | ||
|---|---|---|---|
| 008 | 140724s9999 xx 000 0 und d | ||
| 050 |
_aRT 73 _b.C112 2011 |
||
| 100 | _aCabaccang, Stefan A. | ||
| 245 | 4 |
_aThe correlates of temperaments, social networking habit and study habit of the nursing students batch 2013 of Southville International School and Colleges / _cStefan A. Cabaccang. |
|
| 260 |
_aLas PiƱas, Philippines : _bSouthville International School and Colleges, _cc2011. |
||
| 300 |
_a61 p. : _bcol. ill. ; _c28 cm. |
||
| 521 | _aNursing | ||
| 942 | _cTH | ||
| 999 |
_c228672 _d228672 |
||